[Event "Colonia del Sacramento op 3rd"]
[Site "Colonia del Sacramento"]
[Date "2022.05.22"]
[Round "?"]
[White "Rodriguez, Julio"]
[Black "Larrea, Osvaldo"]
[Result "1/2-1/2"]
[WhiteElo "1657"]
[BlackElo "1623"]
[PlyCount "40"]
[EventDate "2022.05.20"]
[EventType "swiss"]
[EventRounds "5"]
[EventCountry "URU"]
[SourceTitle "CBM 208 Extra"]
[Source "ChessBase"]
[SourceDate "2022.07.31"]
[SourceVersion "1"]
[SourceVersionDate "2022.07.31"]
[SourceQuality "1"]

1. e4 b6 2. Nc3 Bb7 3. Bc4 e6 4. Bb3 Bb4 5. d3 Bxc3+ 6. bxc3 h6 7. Be3 Ne7 8. Nf3 Ng6 9. 0-0 0-0 10. Qe2 f5 11. exf5 Rxf5 12. Nd4 Rf6 13. Qh5 Kh7 14. f4 Nc6 15. Nf3 Nge7 16. Ng5+ Kg8 17. Ne4 Rf5 18. Qh3 Nd5 19. Rae1 Nxe3 20. Rxe3 Qf8 1/2-1/2

[Event "Colonia del Sacramento op 3rd"]
[Site "Colonia del Sacramento"]
[Date "2022.05.21"]
[Round "?"]
[White "Larrea, Osvaldo"]
[Black "Pereira, Gerardo"]
[Result "1-0"]
[WhiteElo "1623"]
[BlackElo "1324"]
[PlyCount "87"]
[EventDate "2022.05.20"]
[EventType "swiss"]
[EventRounds "5"]
[EventCountry "URU"]
[SourceTitle "CBM 208 Extra"]
[Source "ChessBase"]
[SourceDate "2022.07.31"]
[SourceVersion "1"]
[SourceVersionDate "2022.07.31"]
[SourceQuality "1"]

1. f4 e6 2. Nf3 Nf6 3. e3 d6 4. b3 g6 5. Bb2 Bg7 6. Be2 b6 7. 0-0 Bb7 8. Qe1 Nbd7 9. Nc3 Ne4 10. Nd1 Bxb2 11. Nxb2 Nef6 12. Nd3 h6 13. Nf2 Nc5 14. Nd4 Qd7 15. b4 Nce4 16. Nxe4 Bxe4 17. d3 Bb7 18. e4 a6 19. Qc3 Rg8 20. Nf3 Nh7 21. Qd2 f5 22. e5 d5 23. d4 Bc6 24. Ne1 Bb5 25. Nd3 Qe7 26. Rf3 g5 27. fxg5 Rxg5 28. Nf4 Bxe2 29. Qxe2 Nf8 30. c3 Ng6 31. Nxg6 Rxg6 32. Raf1 Qg7 33. R1f2 Ke7 34. c4 Rg8 35. cxd5 Rg4 36. dxe6 Qg6 37. Rc3 c5 38. Qc2 Qxe6 39. bxc5 Rc8 40. cxb6 Rxc3 41. Qxc3 Qxb6 42. Rb2 Qa7 43. Qb4+ Kd8 44. Qf8+ 1-0

[Event "Punta del Este Interdepartamental"]
[Site "Punta del Este"]
[Date "2019.08.25"]
[Round "4.2"]
[White "Durante, Aurelio"]
[Black "Larrea, Osvaldo"]
[Result "1-0"]
[WhiteElo "1958"]
[BlackElo "1657"]
[PlyCount "79"]
[EventDate "2019.08.23"]
[EventType "team-swiss"]
[EventRounds "5"]
[EventCountry "URU"]
[SourceTitle "EXT 2020"]
[Source "ChessBase"]
[SourceDate "2019.10.17"]
[SourceVersion "1"]
[SourceVersionDate "2019.10.17"]
[SourceQuality "1"]
[WhiteTeam "Canelones Las Piedras"]
[BlackTeam "San Jose"]
[WhiteTeamCountry "URU"]
[BlackTeamCountry "URU"]

1. e4 d6 2. Bc4 g6 3. d4 Bg7 4. c3 c6 5. Be3 Nf6 6. f3 b5 7. Bb3 Na6 8. Ne2 Nc7 9. a4 a6 10. 0-0 Be6 11. Bc2 Bc4 12. Nd2 Bxe2 13. Qxe2 0-0 14. b4 Qc8 15. a5 e5 16. dxe5 dxe5 17. Nb3 Ne6 18. Rfd1 Rd8 19. Rxd8+ Qxd8 20. Rd1 Qe8 21. Nc5 Nxc5 22. Bxc5 Rd8 23. Kf2 Rxd1 24. Bxd1 Qd7 25. Bb3 Bf8 26. Be3 Ne8 27. g3 Nc7 28. Qa2 Ne8 29. g4 Be7 30. Bxf7+ Kg7 31. Be6 Bh4+ 32. Ke2 Qd6 33. Bc5 Qd8 34. Bg8 Qc7 35. Bb3 Nf6 36. Qd2 Qc8 37. h3 h5 38. Qd6 hxg4 39. hxg4 Nxg4 40. Be6 1-0

[Event "URU-ch Seniors 65"]
[Site "Montevideo"]
[Date "2018.06.15"]
[Round "1.2"]
[White "Larrea, Osvaldo"]
[Black "Barcelo Fraixanet, Mario"]
[Result "1/2-1/2"]
[WhiteElo "1717"]
[BlackElo "1547"]
[PlyCount "44"]
[EventDate "2018.06.15"]
[EventType "tourn"]
[EventRounds "5"]
[EventCountry "URU"]
[SourceTitle "EXT 2019"]
[Source "ChessBase"]
[SourceDate "2018.10.10"]
[SourceVersion "1"]
[SourceVersionDate "2018.10.10"]
[SourceQuality "1"]

1. f4 d5 2. Nf3 g6 3. e3 Bg7 4. d4 Nh6 5. Bd3 0-0 6. 0-0 Bf5 7. c3 Bxd3 8. Qxd3 Nf5 9. Nbd2 Nd6 10. Re1 Nd7 11. b3 e6 12. Ba3 Re8 13. c4 Nf6 14. Bxd6 cxd6 15. Rac1 Rc8 16. Rc2 Re7 17. Rec1 Rec7 18. a3 b6 19. h3 h6 20. Nh2 Qe7 21. Nhf1 Qd7 22. Nf3 Qe7 1/2-1/2

[Event "URU-chT Provinces"]
[Site "Montevideo"]
[Date "2017.08.27"]
[Round "5.3"]
[White "Mordetzki, Ariel"]
[Black "Larrea, Osvaldo"]
[Result "0-1"]
[WhiteElo "1540"]
[BlackElo "1779"]
[PlyCount "155"]
[EventDate "2017.08.25"]
[EventType "team-swiss"]
[EventRounds "5"]
[EventCountry "URU"]
[SourceTitle "EXT 2019"]
[Source "ChessBase"]
[SourceDate "2018.10.10"]
[SourceVersion "1"]
[SourceVersionDate "2018.10.10"]
[SourceQuality "1"]
[WhiteTeam "Montevideo VI"]
[BlackTeam "San Jose"]
[WhiteTeamCountry "URU"]
[BlackTeamCountry "URU"]

1. e4 b6 2. d4 Bb7 3. Bd3 e6 4. Nf3 g6 5. Bg5 Be7 6. Bxe7 Qxe7 7. 0-0 d6 8. c4 c5 9. d5 e5 10. Nc3 Bc8 11. a4 a5 12. Nb5 Ba6 13. Qb3 Qd7 14. Ne1 Bxb5 15. Qxb5 Qxb5 16. axb5 Nd7 17. Nc2 Ne7 18. b4 cxb4 19. Nxb4 Nc5 20. Bc2 Kd7 21. Nc6 Rhc8 22. f4 exf4 23. Rxf4 Rf8 24. Raf1 Ke8 25. Rf6 Nc8 26. e5 Nd7 27. R6f2 dxe5 28. Re2 f6 29. Nd4 Ke7 30. Ne6 Rf7 31. Be4 Nd6 32. Bf3 Rc8 33. Rc2 Nc5 34. Nxc5 Rxc5 35. Rfc1 Rf8 36. Bg4 f5 37. Be2 Rfc8 38. Kf2 R8c7 39. Ke3 Nxb5 40. Rb2 Nd4 41. Rxb6 Nxe2 42. Kxe2 Rxc4 43. Rxc4 Rxc4 44. Rb7+ Kd6 45. Rxh7 Kxd5 46. Rg7 Rc6 47. Ra7 Rc5 48. Rg7 Rc2+ 49. Kf3 Rc3+ 50. Ke2 Rc6 51. Ra7 Ke4 52. Rxa5 Rc2+ 53. Kf1 Rd2 54. Ra3 g5 55. Rf3 g4 56. Rf2 Rd3 57. Re2+ Kd4 58. Kf2 f4 59. Ra2 g3+ 60. hxg3 Rxg3 61. Ra4+ Kd5 62. Ra5+ Ke4 63. Ra4+ Kf5 64. Ra6 Rc3 65. Ra5 Rc2+ 66. Kg1 Ke4 67. Ra4+ Kf5 68. Ra8 e4 69. Rf8+ Ke5 70. Re8+ Kd4 71. Ra8 e3 72. Ra4+ Kd3 73. Ra3+ Ke4 74. Ra4+ Kf5 75. Ra8 Rc6 76. Kf1 Rc1+ 77. Ke2 Rc2+ 78. Kf3 0-1

[Event "URU-chT Provinces"]
[Site "Montevideo"]
[Date "2017.08.25"]
[Round "2.4"]
[White "Larrea, Osvaldo"]
[Black "Vazquez, Facundo"]
[Result "0-1"]
[WhiteElo "1779"]
[BlackElo "1865"]
[PlyCount "32"]
[EventDate "2017.08.25"]
[EventType "team-swiss"]
[EventRounds "5"]
[EventCountry "URU"]
[SourceTitle "EXT 2019"]
[Source "ChessBase"]
[SourceDate "2018.10.10"]
[SourceVersion "1"]
[SourceVersionDate "2018.10.10"]
[SourceQuality "1"]
[WhiteTeam "San Jose"]
[BlackTeam "Montevideo II"]
[WhiteTeamCountry "URU"]
[BlackTeamCountry "URU"]

1. f4 Nf6 2. Nf3 g6 3. b3 Bg7 4. Bb2 0-0 5. e3 d5 6. Be2 c5 7. 0-0 Nc6 8. Qe1 d4 9. Bd1 Nd5 10. c4 Ndb4 11. d3 Nxd3 12. Qe2 Nxb2 13. Qxb2 dxe3 14. Ne5 Nxe5 15. fxe5 Qd4 16. Nc3 e2+ 0-1

[Event "URU-chTA"]
[Site "Uruguay"]
[Date "2017.07.09"]
[Round "5.2"]
[White "Lopez, Aldi"]
[Black "Larrea, Osvaldo"]
[Result "1-0"]
[WhiteElo "2019"]
[BlackElo "1787"]
[PlyCount "95"]
[EventDate "2017.07.07"]
[EventType "team-swiss"]
[EventRounds "5"]
[EventCountry "URU"]
[SourceTitle "EXT 2018"]
[Source "ChessBase"]
[SourceDate "2017.10.13"]
[SourceVersion "1"]
[SourceVersionDate "2017.10.13"]
[SourceQuality "1"]
[WhiteTeam "Cosmopolita Union"]
[BlackTeam "San Jose"]
[WhiteTeamCountry "URU"]
[BlackTeamCountry "URU"]

1. d4 f5 2. g3 Nf6 3. Bg2 e6 4. Nf3 Nc6 5. c4 Bb4+ 6. Bd2 Bxd2+ 7. Nbxd2 b6 8. 0-0 Bb7 9. Re1 0-0 10. e4 fxe4 11. Nxe4 Nxe4 12. Rxe4 Qf6 13. Rf4 Qg6 14. Qd2 Qh6 15. Rxf8+ Rxf8 16. Qxh6 gxh6 17. Rc1 Nb4 18. Ne5 Bxg2 19. Kxg2 d6 20. Nf3 Nd3 21. Rc3 Nb4 22. a3 Nc6 23. d5 Nd8 24. Nd4 e5 25. Nb5 a5 26. Nxc7 Rf7 27. Nb5 Nb7 28. b4 Rf6 29. Na7 Rf8 30. Rf3 Ra8 31. Nc6 Kg7 32. h4 axb4 33. axb4 Ra4 34. h5 Ra2 35. Ne7 Rc2 36. Nf5+ Kh8 37. Nxh6 Rxc4 38. Rf7 Nc5 39. bxc5 Rxc5 40. Rb7 b5 41. Nf7+ Kg8 42. Nxd6 Rxd5 43. Nxb5 Kf8 44. Nc3 Rd3 45. Ne4 Rd4 46. Ng5 Rd2 47. Nxh7+ Ke8 48. Nf6+ 1-0

[Event "URU-chTA"]
[Site "Uruguay"]
[Date "2017.07.07"]
[Round "1.3"]
[White "Izquierdo, Sebastian"]
[Black "Larrea, Osvaldo"]
[Result "1-0"]
[WhiteElo "2026"]
[BlackElo "1787"]
[PlyCount "79"]
[EventDate "2017.07.07"]
[EventType "team-swiss"]
[EventRounds "5"]
[EventCountry "URU"]
[SourceTitle "EXT 2018"]
[Source "ChessBase"]
[SourceDate "2017.10.13"]
[SourceVersion "1"]
[SourceVersionDate "2017.10.13"]
[SourceQuality "1"]
[WhiteTeam "Mercedes"]
[BlackTeam "San Jose"]
[WhiteTeamCountry "URU"]
[BlackTeamCountry "URU"]

1. d4 f5 2. c4 Nf6 3. Nc3 b6 4. Nf3 e6 5. g3 Bb7 6. Bg2 Bb4 7. 0-0 Bxc3 8. bxc3 0-0 9. Ba3 Re8 10. c5 Nc6 11. Nd2 Na5 12. Bxb7 Nxb7 13. Nb3 Qb8 14. c4 Nd8 15. Bb2 Qb7 16. Qd3 Nf7 17. cxb6 axb6 18. d5 Nd6 19. Bxf6 gxf6 20. dxe6 dxe6 21. c5 Ne4 22. cxb6 Rad8 23. Qb5 cxb6 24. Rac1 Ng5 25. f3 Re7 26. Rc6 Ra8 27. Rxb6 Qc7 28. Rc1 Qa7 29. Kg2 Kg7 30. Rc2 Nf7 31. Nc5 Nd8 32. Qb2 Rd7 33. Nxe6+ Nxe6 34. Rxe6 Qd4 35. Qxd4 Rxd4 36. Re7+ Kg6 37. h4 Rad8 38. Rcc7 f4 39. g4 f5 40. Re6# 1-0

[Event "Montevideo Duchamp Cup 1st"]
[Site "Montevideo"]
[Date "2017.02.12"]
[Round "5"]
[White "Larrea, Osvaldo"]
[Black "Abadal, Marcelo"]
[Result "0-1"]
[WhiteElo "1768"]
[BlackElo "1897"]
[PlyCount "80"]
[EventDate "2017.02.09"]
[EventType "swiss"]
[EventRounds "9"]
[EventCountry "URU"]
[SourceTitle "CBM 176 Extra"]
[Source "ChessBase"]
[SourceDate "2017.03.02"]
[SourceVersion "1"]
[SourceVersionDate "2017.03.02"]
[SourceQuality "1"]

1. f4 d5 2. Nf3 g6 3. e3 Bg7 4. Nc3 Nf6 5. b3 0-0 6. Bb2 c5 7. Be2 b6 8. 0-0 Bb7 9. Qe1 Nc6 10. Nd1 Nb4 11. Bd3 c4 12. bxc4 dxc4 13. a3 Nxd3 14. cxd3 Qxd3 15. Nc3 Ne4 16. Qc1 Nc5 17. Ne1 Qf5 18. Qc2 Qxc2 19. Nxc2 Nd3 20. Ra2 Rfd8 21. Ba1 Nc5 22. Nb1 Nb3 23. Bxg7 Kxg7 24. Na1 Nxa1 25. Rxa1 Rd3 26. Ra2 Rad8 27. Rf2 Ba6 28. Nc3 Bb7 29. Kf1 Bc6 30. Ke1 b5 31. Rb2 a5 32. Nb1 Rb8 33. Kd1 b4 34. axb4 axb4 35. Kc1 Rb7 36. Ra2 Rb3 37. Rb2 Rxb2 38. Kxb2 Be4 39. Re2 c3+ 40. Kc1 c2 0-1

[Event "Montevideo Duchamp Cup 1st"]
[Site "Montevideo"]
[Date "2017.02.11"]
[Round "3"]
[White "Larrea, Osvaldo"]
[Black "Gaye, Gustavo"]
[Result "1/2-1/2"]
[WhiteElo "1768"]
[BlackElo "2061"]
[PlyCount "101"]
[EventDate "2017.02.09"]
[EventType "swiss"]
[EventRounds "9"]
[EventCountry "URU"]
[SourceTitle "CBM 176 Extra"]
[Source "ChessBase"]
[SourceDate "2017.03.02"]
[SourceVersion "1"]
[SourceVersionDate "2017.03.02"]
[SourceQuality "1"]

1. f4 g6 2. Nf3 Bg7 3. e3 Nf6 4. Nc3 0-0 5. Bd3 d6 6. b3 Nc6 7. Bb2 a6 8. 0-0 Nb4 9. Be2 c5 10. a3 Nc6 11. Qe1 e6 12. Qh4 h6 13. Nd1 Ne4 14. Qxd8 Rxd8 15. Bxg7 Kxg7 16. d3 Nf6 17. Nd2 Rb8 18. Nf2 Nd5 19. Nd1 b5 20. e4 Nd4 21. Rf2 Nxe2+ 22. Rxe2 Nxf4 23. Rf2 e5 24. Ne3 Be6 25. Kh1 Rb7 26. g3 Nh3 27. Rff1 Rdd7 28. g4 Nf4 29. a4 Ra7 30. Ra2 Ne2 31. axb5 axb5 32. Rfa1 Rxa2 33. Rxa2 Nd4 34. Ra5 Kf6 35. Kg2 Rb7 36. Ra6 Ke7 37. Kf2 Rd7 38. Ra8 Rd8 39. Ra7+ Rd7 40. Ra8 Kf6 41. h4 Kg7 42. Ra5 h5 43. gxh5 gxh5 44. Ra6 f5 45. exf5 Nxf5 46. Nxf5+ Bxf5 47. Ke3 Kf6 48. Nf3 Be6 49. Ng5 Bf5 50. Ra8 Kg7 51. Ra5 1/2-1/2

[Event "URU-ch Seniors"]
[Site "Montevideo"]
[Date "2016.06.19"]
[Round "4"]
[White "Fein, Jorge"]
[Black "Larrea, Osvaldo"]
[Result "0-1"]
[WhiteElo "1671"]
[BlackElo "1808"]
[PlyCount "142"]
[EventDate "2016.06.17"]
[EventType "swiss"]
[EventRounds "5"]
[EventCountry "URU"]
[SourceTitle "EXT 2017"]
[Source "ChessBase"]
[SourceDate "2016.10.25"]
[SourceVersion "1"]
[SourceVersionDate "2016.10.25"]
[SourceQuality "1"]

1. e4 b6 2. d4 Bb7 3. Bd3 e6 4. Nf3 Be7 5. Nc3 Nf6 6. 0-0 h6 7. Re1 Bb4 8. Bd2 d6 9. a3 Bxc3 10. Bxc3 Nbd7 11. b4 0-0 12. Bd2 e5 13. d5 Nh7 14. Qc1 Re8 15. c4 Qe7 16. h3 Ndf8 17. Nh2 Bc8 18. Re3 Ng6 19. Rg3 Nf6 20. Be2 Nxe4 21. Re3 Nxd2 22. Qxd2 Qg5 23. Nf3 Qf6 24. Qc3 Nf4 25. Kh2 Qg6 26. Bf1 Bd7 27. Ng1 Nh5 28. Be2 Nf4 29. Rg3 Nxe2 30. Nxe2 Qh5 31. Ng1 Re7 32. f4 f6 33. fxe5 Qxe5 34. Qxe5 Rxe5 35. Nf3 Re3 36. Re1 Rxe1 37. Nxe1 a5 38. Re3 Kf7 39. b5 Re8 40. Rxe8 Bxe8 41. Kg3 f5 42. Kf3 Kf6 43. Nd3 g5 44. g3 Bg6 45. Nf2 Ke5 46. Ke3 f4+ 47. gxf4+ gxf4+ 48. Kd2 Kd4 49. Ng4 Bf5 50. Nxh6 Bxh3 51. Ke2 Kxc4 52. Nf7 Bg4+ 53. Kf2 Kxb5 54. Nd8 Kc5 55. Ne6+ Kxd5 56. Nxf4+ Kc4 57. Ng6 Kb3 58. Ke3 Bf5 59. Ne7 Be6 60. Nc6 Kxa3 61. Kd3 Bd7 62. Nd4 c5 63. Nc2+ Kb2 64. Ne3 Be6 65. Nd1+ Kb3 66. Nc3 Bc4+ 67. Kd2 a4 68. Ne4 a3 69. Kc1 a2 70. Nd2+ Kc3 71. Ne4+ Kd4 0-1

[Event "URU-ch Seniors"]
[Site "Montevideo"]
[Date "2016.06.17"]
[Round "1"]
[White "Larrea, Osvaldo"]
[Black "Kaciusis, Daniel"]
[Result "1/2-1/2"]
[WhiteElo "1808"]
[BlackElo "1526"]
[PlyCount "108"]
[EventDate "2016.06.17"]
[EventType "swiss"]
[EventRounds "5"]
[EventCountry "URU"]
[SourceTitle "EXT 2017"]
[Source "ChessBase"]
[SourceDate "2016.10.25"]
[SourceVersion "1"]
[SourceVersionDate "2016.10.25"]
[SourceQuality "1"]

1. f4 d5 2. Nf3 c5 3. e3 Nc6 4. Bb5 Qc7 5. b3 a6 6. Bxc6+ Qxc6 7. Bb2 e6 8. 0-0 Ne7 9. Ne5 Qc7 10. Qh5 Nc6 11. Nf3 b5 12. a3 Bb7 13. Ng5 Qe7 14. d3 Bc8 15. Nf3 h6 16. Nbd2 Bd7 17. Rae1 g6 18. Qh4 Qxh4 19. Nxh4 Rg8 20. Nhf3 Bd6 21. e4 0-0-0 22. exd5 exd5 23. Ne5 Bxe5 24. Bxe5 Be6 25. Bf6 Rde8 26. Rb1 Bf5 27. Rfe1 Kd7 28. Kf2 Re6 29. Rxe6 Kxe6 30. Bb2 d4 31. h3 h5 32. Re1+ Kd7 33. Ne4 Bxe4 34. Rxe4 f5 35. Re1 b4 36. a4 Rg7 37. Bc1 Kd6 38. Kf3 Ne7 39. Bd2 Nd5 40. Re8 Re7 41. Ra8 Nc7 42. Rg8 Re6 43. Rd8+ Ke7 44. Rb8 Nd5 45. Rc8 Kd6 46. Rd8+ Kc6 47. Rc8+ Nc7 48. Rd8 Nd5 49. Rc8+ Kb6 50. Rg8 Ne3 51. Bxe3 dxe3 52. Ke2 Kc6 53. Rd8 Kc7 54. Rd5 Kc6 1/2-1/2

[Event "Punta del Este op 4th"]
[Site "Punta del Este"]
[Date "2015.11.15"]
[Round "4"]
[White "Castro, Cesar"]
[Black "Larrea, Osvaldo"]
[Result "1-0"]
[WhiteElo "2092"]
[BlackElo "1785"]
[PlyCount "55"]
[EventDate "2015.11.13"]
[EventType "swiss"]
[EventRounds "5"]
[EventCountry "URU"]
[SourceTitle "CBM 169 Extra"]
[Source "ChessBase"]
[SourceDate "2015.12.18"]
[SourceVersion "1"]
[SourceVersionDate "2015.12.18"]
[SourceQuality "1"]

1. e4 g6 2. d4 Bg7 3. Nc3 d6 4. Be3 c6 5. Qd2 Qa5 6. Bc4 Nf6 7. f3 Nbd7 8. Bb3 b5 9. Nge2 Ba6 10. 0-0 0-0 11. Nd5 Qd8 12. Nxf6+ Bxf6 13. Bh6 Re8 14. f4 Bg7 15. f5 Rf8 16. Rf3 Nf6 17. fxg6 hxg6 18. Rh3 Ng4 19. Bxg7 Kxg7 20. Qg5 Qd7 21. Nf4 Rg8 22. Be6 fxe6 23. Qxg6+ Kf8 24. Nxe6+ Qxe6 25. Qxe6 b4 26. Rf3+ Nf6 27. e5 Bc8 28. Rxf6+ 1-0

[Event "Punta del Este op 4th"]
[Site "Punta del Este"]
[Date "2015.11.14"]
[Round "3"]
[White "Larrea, Osvaldo"]
[Black "Milans, Carlos"]
[Result "1-0"]
[WhiteElo "1785"]
[BlackElo "1924"]
[PlyCount "87"]
[EventDate "2015.11.13"]
[EventType "swiss"]
[EventRounds "5"]
[EventCountry "URU"]
[SourceTitle "CBM 169 Extra"]
[Source "ChessBase"]
[SourceDate "2015.12.18"]
[SourceVersion "1"]
[SourceVersionDate "2015.12.18"]
[SourceQuality "1"]

1. f4 Nf6 2. Nf3 g6 3. b3 Bg7 4. Bb2 0-0 5. e3 d5 6. Be2 c5 7. 0-0 Nc6 8. Nc3 a6 9. a3 b5 10. Qe1 Bf5 11. d3 Qb6 12. Nd1 Rac8 13. Nh4 Bd7 14. Kh1 Nb8 15. Nf2 c4 16. Bd4 Qb7 17. bxc4 dxc4 18. dxc4 bxc4 19. Rb1 Qa8 20. Rb6 Bc6 21. Qa5 Nd5 22. Bxg7 Kxg7 23. Rb2 Kg8 24. Qd2 c3 25. Rxb8 Rxb8 26. Qd4 Nf6 27. Bf3 Rbc8 28. Qe5 Bxf3 29. Nxf3 Qa7 30. Nd3 Rfd8 31. e4 Qb7 32. Re1 Qc7 33. Qg5 Kg7 34. e5 Ng8 35. f5 Qb6 36. Qg3 Nh6 37. fxg6 hxg6 38. e6 Nf5 39. Qg4 f6 40. Nf4 g5 41. Nxg5 Nh6 42. Qg3 Rg8 43. Nf7+ Kh7 44. Qh3 1-0

[Event "Punta del Este op 4th"]
[Site "Punta del Este"]
[Date "2015.11.14"]
[Round "2"]
[White "Magaldi, Nelson"]
[Black "Larrea, Osvaldo"]
[Result "1/2-1/2"]
[WhiteElo "2037"]
[BlackElo "1785"]
[PlyCount "36"]
[EventDate "2015.11.13"]
[EventType "swiss"]
[EventRounds "5"]
[EventCountry "URU"]
[SourceTitle "CBM 169 Extra"]
[Source "ChessBase"]
[SourceDate "2015.12.18"]
[SourceVersion "1"]
[SourceVersionDate "2015.12.18"]
[SourceQuality "1"]

1. e4 g6 2. d4 Bg7 3. Nf3 d6 4. Nc3 Nf6 5. Be2 0-0 6. 0-0 c6 7. h3 b5 8. a3 Bb7 9. Bd3 Nbd7 10. Re1 e5 11. dxe5 dxe5 12. b3 Qc7 13. Bb2 Nh5 14. g3 Rfe8 15. Qe2 Qb6 16. Kh2 a6 17. Rab1 Re7 18. Nh4 Nhf6 1/2-1/2

[Event "American Continental 11th"]
[Site "Montevideo"]
[Date "2015.05.24"]
[Round "11"]
[White "Nakle, Gonzalo"]
[Black "Larrea, Osvaldo"]
[Result "1/2-1/2"]
[WhiteElo "1737"]
[BlackElo "1843"]
[PlyCount "104"]
[EventDate "2015.05.15"]
[EventType "swiss"]
[EventRounds "11"]
[EventCountry "URU"]
[SourceTitle "CBM 167"]
[Source "ChessBase"]
[SourceDate "2015.07.13"]
[SourceVersion "1"]
[SourceVersionDate "2015.07.13"]
[SourceQuality "1"]

1. e4 g6 2. Nf3 Bg7 3. Bc4 d6 4. 0-0 Nf6 5. d4 0-0 6. Nc3 c6 7. Bg5 b5 8. Bd3 Bb7 9. d5 a6 10. Bxf6 Bxf6 11. dxc6 Nxc6 12. Nd5 Bxb2 13. Rb1 Bg7 14. a4 b4 15. Nxb4 Nxb4 16. Rxb4 Bc6 17. Nd4 Bxd4 18. Rxd4 Qb6 19. Qa1 a5 20. Rb1 Qa7 21. Qc3 Rfc8 22. Rc4 Bd7 23. Rxc8+ Rxc8 24. Qb3 Rc7 25. Qb8+ Qxb8 26. Rxb8+ Kg7 27. Bb5 Rxc2 28. Kf1 Rb2 29. Ke1 Bxb5 30. Rxb5 Ra2 31. Rxa5 Kf6 32. h4 h5 33. g3 Ke6 34. Kf1 Kd7 35. Ra7+ Ke6 36. f4 f5 37. e5 dxe5 38. fxe5 Kxe5 39. Rxe7+ Kd4 40. Re6 Rxa4 41. Kf2 g5 42. hxg5 Kd5 43. Rh6 Rg4 44. Rxh5 Ke5 45. Kf3 Ra4 46. Kg2 Rb4 47. Kh3 Ra4 48. Rh4 Ra3 49. Rf4 Ra8 50. Rf3 Rh8+ 51. Kg2 Rh5 52. g6 Rg5 1/2-1/2

[Event "American Continental 11th"]
[Site "Montevideo"]
[Date "2015.05.17"]
[Round "3"]
[White "Larrea, Osvaldo"]
[Black "Perez, Cecilia Manuela"]
[Result "0-1"]
[WhiteElo "1843"]
[BlackElo "1525"]
[PlyCount "114"]
[EventDate "2015.05.15"]
[EventType "swiss"]
[EventRounds "11"]
[EventCountry "URU"]
[SourceTitle "CBM 167"]
[Source "ChessBase"]
[SourceDate "2015.07.13"]
[SourceVersion "1"]
[SourceVersionDate "2015.07.13"]
[SourceQuality "1"]

1. f4 f5 2. Nf3 Nf6 3. e3 e6 4. b3 c6 5. Bb2 Be7 6. Bd3 0-0 7. 0-0 d6 8. Qe1 Ne4 9. Nc3 d5 10. Ne5 Nd7 11. Nxd7 Bxd7 12. Be2 Bh4 13. g3 Be7 14. d3 Nf6 15. Bf3 Qe8 16. Rd1 Rd8 17. e4 fxe4 18. dxe4 Bc8 19. e5 Nh5 20. Qe2 g6 21. Bxh5 gxh5 22. Qd3 Rf5 23. Ne2 c5 24. Kg2 Qg6 25. Bc1 b6 26. Ng1 Bb7 27. h3 d4+ 28. Kh2 Kf7 29. Nf3 Rg8 30. Rg1 Kf8 31. Rdf1 Rf7 32. Qxg6 Rxg6 33. Ne1 Be4 34. Rf2 Rfg7 35. Re2 Bf5 36. Nd3 Bh4 37. g4 hxg4 38. hxg4 Rxg4 39. Rxg4 Rxg4 40. Rg2 Rxg2+ 41. Kxg2 Kf7 42. Bd2 Kg6 43. Kf3 h5 44. Be1 Bxe1 45. Nxe1 h4 46. Ng2 Kh5 47. Ne1 h3 48. Kg3 h2 49. Kxh2 Kg4 50. Kg2 Kxf4 51. Kf2 Kxe5 52. Kf3 Be4+ 53. Kg4 b5 54. Kg3 c4 55. bxc4 bxc4 56. Kf2 Kd5 57. Ke2 Bxc2 0-1

[Event "Pan American-ch Seniors 50"]
[Site "Sao Paulo"]
[Date "2014.12.18"]
[Round "2"]
[White "Larrea, Osvaldo"]
[Black "Peixoto, Helio Ricardo Souti"]
[Result "1/2-1/2"]
[WhiteElo "1711"]
[BlackElo "1937"]
[PlyCount "47"]
[EventDate "2014.12.17"]
[EventType "swiss"]
[EventRounds "7"]
[EventCountry "BRA"]
[SourceTitle "CBM 164 Extra"]
[Source "ChessBase"]
[SourceDate "2015.03.02"]
[SourceVersion "1"]
[SourceVersionDate "2015.03.02"]
[SourceQuality "1"]

1. f4 c5 2. Nf3 Nc6 3. e3 g6 4. Nc3 Bg7 5. Bb5 Nf6 6. Bxc6 bxc6 7. 0-0 0-0 8. Ne2 Ba6 9. d3 Rb8 10. Ne5 Qc7 11. Rb1 d6 12. Nc4 Bxc4 13. dxc4 Qa5 14. a3 Ne4 15. b3 e6 16. Qe1 Qa6 17. a4 d5 18. cxd5 cxd5 19. Ba3 Rfc8 20. Bb2 Bxb2 21. Rxb2 c4 22. Nd4 Qd6 23. Ra2 cxb3 24. cxb3 1/2-1/2

[Event "URU-chT Departamental"]
[Site "Punta del Este"]
[Date "2014.11.08"]
[Round "2.71"]
[White "Larrea, Osvaldo"]
[Black "Lopez, Aldi"]
[Result "0-1"]
[WhiteElo "1719"]
[BlackElo "2050"]
[PlyCount "70"]
[EventDate "2014.11.07"]
[EventType "team-swiss"]
[EventRounds "5"]
[EventCountry "URU"]
[SourceTitle "EXT 2017"]
[Source "ChessBase"]
[SourceDate "2016.10.25"]
[SourceVersion "1"]
[SourceVersionDate "2016.10.25"]
[SourceQuality "1"]

1. f4 d5 2. Nf3 c5 3. e3 Nc6 4. Bb5 Bd7 5. Bxc6 Bxc6 6. b3 b6 7. Bb2 Nf6 8. 0-0 g6 9. Qe1 Bg7 10. d3 0-0 11. Nbd2 Qc7 12. Qh4 Rad8 13. Be5 Qc8 14. h3 Ba8 15. Nh2 c4 16. Rac1 b5 17. Ndf3 h6 18. Nd4 Qc5 19. Qf2 Qb6 20. bxc4 dxc4 21. Rb1 cxd3 22. Rxb5 Qa6 23. cxd3 Rxd4 24. Rfb1 Rxd3 25. Nf3 Bxf3 26. gxf3 Qe6 27. Kg2 Nd5 28. e4 Ne3+ 29. Kg3 Nc4 30. Qe2 Rd2 31. Qe1 Rxa2 32. Bxg7 Kxg7 33. Qc3+ f6 34. R5b4 Nd6 35. Qe3 Nf5+ 0-1

[Event "URU-chT Departamental"]
[Site "Punta del Este"]
[Date "2014.11.07"]
[Round "1.31"]
[White "Larrea, Manuel"]
[Black "Larrea, Osvaldo"]
[Result "1-0"]
[WhiteElo "2294"]
[BlackElo "1719"]
[PlyCount "61"]
[EventDate "2014.11.07"]
[EventType "team-swiss"]
[EventRounds "5"]
[EventCountry "URU"]
[SourceTitle "EXT 2017"]
[Source "ChessBase"]
[SourceDate "2016.10.25"]
[SourceVersion "1"]
[SourceVersionDate "2016.10.25"]
[SourceQuality "1"]

1. e4 c6 2. d4 d5 3. exd5 cxd5 4. c4 Nf6 5. Nc3 g6 6. cxd5 Nxd5 7. Qb3 Nxc3 8. Bc4 e6 9. bxc3 Bg7 10. Ba3 Bf8 11. Nf3 Bxa3 12. Qxa3 Qe7 13. Qxe7+ Kxe7 14. Ne5 Nd7 15. f4 Nxe5 16. fxe5 Bd7 17. Be2 Bc6 18. 0-0 Rhd8 19. Rf4 Rac8 20. Raf1 Be8 21. R1f3 Rc7 22. Rh3 h5 23. Kf2 Bc6 24. g4 hxg4 25. Rxf7+ Kxf7 26. Rh7+ Kg8 27. Rxc7 Rd7 28. Rxd7 Bxd7 29. Bxg4 Kf7 30. d5 Ke7 31. c4 1-0